[Event "GER-chT U14 Girls"]
[Site "Neumuenster"]
[Date "2019.12.29"]
[Round "5.6"]
[White "Wu, Yvonne Yihan"]
[Black "Wehling, Ida"]
[Result "1-0"]
[WhiteElo "1083"]
[BlackElo "1123"]
[PlyCount "41"]
[EventDate "2019.12.27"]
[EventType "team-swiss"]
[EventRounds "7"]
[EventCountry "GER"]
[SourceTitle "CBM 194 Extra"]
[Source "ChessBase"]
[SourceDate "2020.03.31"]
[SourceVersion "1"]
[SourceVersionDate "2020.03.31"]
[SourceQuality "1"]
[WhiteTeam "Hamburger SK"]
[BlackTeam "Raesfeld"]
[WhiteTeamCountry "GER"]
[BlackTeamCountry "GER"]

1. e4 e5 2. Bc4 Bc5 3. Nf3 Nc6 4. b4 Bxb4 5. c3 Ba5 6. Qb3 d6 7. Bxf7+ Kf8 8. 0-0 Nf6 9. d3 Qe7 10. Bc4 Nd7 11. Bg5 Qe8 12. d4 Qg6 13. Nbd2 exd4 14. cxd4 Bxd2 15. Bxd2 Qxe4 16. Rfe1 Qg4 17. h3 Qh5 18. Kh2 Nb6 19. Bd3 g6 20. Ng5 Nxd4 21. Qf7# 1-0

[Event "GER-ch U10 Girls"]
[Site "Willingen"]
[Date "2019.06.14"]
[Round "9"]
[White "Orlova, Anna Daria"]
[Black "Wehling, Ida"]
[Result "1/2-1/2"]
[WhiteElo "1095"]
[BlackElo "1093"]
[PlyCount "41"]
[EventDate "2019.06.08"]
[EventType "swiss"]
[EventRounds "11"]
[EventCountry "GER"]
[SourceTitle "EXT 2020"]
[Source "ChessBase"]
[SourceDate "2019.10.17"]
[SourceVersion "1"]
[SourceVersionDate "2019.10.17"]
[SourceQuality "1"]

1. e4 e5 2. Nf3 Nc6 3. Bc4 Bc5 4. c3 Nf6 5. d4 exd4 6. e5 d5 7. Bb5 Nd7 8. Bxc6 bxc6 9. 0-0 0-0 10. cxd4 Bb6 11. Nc3 f6 12. Bf4 fxe5 13. Bxe5 Nxe5 14. Nxe5 Bd7 15. Nxd7 Qxd7 16. Rc1 Qd8 17. Rc2 c5 18. dxc5 Bxc5 19. Rd2 d4 20. Ne2 Re8 21. a3 1/2-1/2

[Event "GER-ch U10 Girls"]
[Site "Willingen"]
[Date "2019.06.14"]
[Round "10"]
[White "Wehling, Ida"]
[Black "Richter, Johanna"]
[Result "1/2-1/2"]
[WhiteElo "1093"]
[BlackElo "936"]
[PlyCount "42"]
[EventDate "2019.06.08"]
[EventType "swiss"]
[EventRounds "11"]
[EventCountry "GER"]
[SourceTitle "EXT 2020"]
[Source "ChessBase"]
[SourceDate "2019.10.17"]
[SourceVersion "1"]
[SourceVersionDate "2019.10.17"]
[SourceQuality "1"]

1. e4 d6 2. d4 Nf6 3. Nc3 g6 4. h3 Bg7 5. Nf3 0-0 6. Bc4 Nc6 7. 0-0 e5 8. dxe5 dxe5 9. Be3 b6 10. Qe2 Bb7 11. Rad1 Qe7 12. Rd2 Rfd8 13. Rfd1 h6 14. Rd3 Na5 15. Bb3 Ba6 16. Qe1 Bxd3 17. Rxd3 Rxd3 18. cxd3 c5 19. Bc2 Rd8 20. Qc1 a6 21. Bxh6 Qd7 1/2-1/2

[Event "GER-ch U10 Girls"]
[Site "Willingen"]
[Date "2019.06.13"]
[Round "8"]
[White "Wehling, Ida"]
[Black "Tran, Hanna Emilie Mai Ho"]
[Result "0-1"]
[WhiteElo "1093"]
[BlackElo "1010"]
[PlyCount "82"]
[EventDate "2019.06.08"]
[EventType "swiss"]
[EventRounds "11"]
[EventCountry "GER"]
[SourceTitle "EXT 2020"]
[Source "ChessBase"]
[SourceDate "2019.10.17"]
[SourceVersion "1"]
[SourceVersionDate "2019.10.17"]
[SourceQuality "1"]

1. e4 e5 2. Nf3 Nc6 3. Bc4 Bc5 4. d3 Nf6 5. h3 h6 6. a3 d5 7. exd5 Nxd5 8. Nbd2 0-0 9. 0-0 Be3 10. Bxd5 Bxd2 11. Bxd2 Qxd5 12. c4 Qd6 13. Re1 Re8 14. Qc2 Qg6 15. Kh1 b6 16. Qa4 Bb7 17. Re3 Nd4 18. Rae1 Nxf3 19. gxf3 a5 20. Rg1 Qf6 21. Rg3 Bc6 22. Qd1 e4 23. dxe4 Qxb2 24. Qe2 Rad8 25. Bc3 Qc1+ 26. Kh2 f6 27. Bxf6 Rd2 28. Qe1 Rd1 29. Qxd1 Qxd1 30. Bxg7 Qf1 31. Bxh6+ Kf7 32. Rg7+ Kf6 33. Rg2 Kf7 34. Bf4 Rg8 35. Bg3 Rd8 36. Rg1 Qxc4 37. Bxc7 Rg8 38. Rb1 Bxe4 39. Bxb6 Bxb1 40. Bxa5 Qf1 41. h4 Qg2# 0-1

[Event "GER-ch U10 Girls"]
[Site "Willingen"]
[Date "2019.06.10"]
[Round "3"]
[White "Oellrich, Emma"]
[Black "Wehling, Ida"]
[Result "1-0"]
[WhiteElo "1484"]
[BlackElo "1093"]
[PlyCount "113"]
[EventDate "2019.06.08"]
[EventType "swiss"]
[EventRounds "11"]
[EventCountry "GER"]
[SourceTitle "EXT 2020"]
[Source "ChessBase"]
[SourceDate "2019.10.17"]
[SourceVersion "1"]
[SourceVersionDate "2019.10.17"]
[SourceQuality "1"]

1. e4 e5 2. Nf3 Nc6 3. Bc4 Bc5 4. c3 Nf6 5. d4 exd4 6. e5 Ne4 7. cxd4 Bb6 8. Bd5 f5 9. exf6 Nxf6 10. Bb3 d5 11. Bg5 Ba5+ 12. Nc3 Be6 13. 0-0 Qe7 14. Nxd5 Bxd5 15. Bxd5 Qd6 16. Bxc6+ Qxc6 17. Ne5 Qe6 18. Qa4+ c6 19. Qxa5 Qf5 20. Nxc6 Nd5 21. Rfe1+ Kf8 22. Qc5+ Kg8 23. Qxd5+ Qxd5 24. Ne7+ Kf7 25. Nxd5 h6 26. Be3 Rad8 27. Nc3 Kg6 28. d5 Rd6 29. Rad1 Kh7 30. Nb5 Rf6 31. d6 Rf5 32. Nc7 Rf7 33. Rd2 Rd8 34. Red1 Rfd7 35. Ne6 Re8 36. Nc5 Rdd8 37. d7 Re7 38. Nxb7 Rb8 39. d8Q Rxd8 40. Nxd8 Re4 41. Rd4 Re5 42. Ra4 a5 43. Nc6 Rb5 44. b3 Rf5 45. Rxa5 Rf6 46. Rc5 Rg6 47. b4 Re6 48. b5 Re8 49. b6 Rf8 50. b7 Re8 51. b8Q Rxb8 52. Nxb8 Kh8 53. Rd8+ Kh7 54. Rc7 h5 55. Bd4 Kh6 56. Rxg7 h4 57. Rh8# 1-0